Konkurencieschopnosť ekonomiky SR, jej vývoj a zmeny v posledných rokoch diplomová práca

Na minha lista:
Detalhes bibliográficos
Autor principal: Prošovský, Juraj
Autor Corporativo: Obchodná fakulta EU. Katedra medzinárodného obchodu
Outros Autores: Zábojník, Stanislav, 1984-
Formato: Livro
Idioma:eslovaco
Publicado em: Bratislava 2011
Tags: Adicionar Tag
Sem tags, seja o primeiro a adicionar uma tag!

MARC

LEADER 00000nam a2200000 4500
001 0147917
005 20240318124733.7
041 0 |a slo 
044 |a SK 
245 1 0 |a Konkurencieschopnosť ekonomiky SR, jej vývoj a zmeny v posledných rokoch  |b diplomová práca  |c Juraj Prošovský ; školiteľ: Stanislav Zábojník 
264 1 |a Bratislava  |c 2011 
300 |a 73 s. 
100 1 |a Prošovský, Juraj 
700 1 |a Zábojník, Stanislav, 1984- 
710 2 |a Obchodná fakulta EU. Katedra medzinárodného obchodu